| 000 | 00371nam a22001457a 4500 | ||
|---|---|---|---|
| 999 |
_c533953 _d533953 |
||
| 003 | NUST | ||
| 020 |
_a0273631004 _qH/B. |
||
| 038 | _awaseem | ||
| 082 |
_a658.4080218 _bGIL |
||
| 100 |
_aGilbert, Mike _97238 |
||
| 245 |
_aAchieving Environmental Standards / _cMike Gilbert |
||
| 260 |
_aGreat Britain : _bPitman Publishing, _c2018. |
||
| 300 | _a326 p. | ||
| 942 |
_2ddc _cBK |
||